000 00710nam a2200265Ia 4500
003 OSt
005 20220924151912.0
006 a|||||r|||| 00| 0
007 ta
008 220923b |||||||| |||| 00| 0 tel d
020 _aTE
020 _cRs.12
024 _a339599
037 _cTextual
040 _aARTS
_cARTS
_btel
041 _2tel
_atel
082 _aO35,3M80:g, M1
100 _aMaru ooru Kodanda Rama Reddy Au.
_9225223
245 0 _aBahumukha Pragnanidhi Kattamanchi Ramalinga Reddy
260 _c1981
300 _a66p.
_ccm.
650 _aTELUGU LITERATURE
942 _hO35,3M80:g, M1
_cTEXL
_2CC
999 _c468004
_d468004